000 00452nam a2200193Ia 4500
003 OSt
005 20221005132227.0
006 a|||||r|||| 00| 0
007 ta
008 221004b |||||||| |||| 00| 0 eng d
024 _a113655
037 _cTextual
040 _aCRL
_cCRL
_beng
041 _2eng
_aeng
100 _aManfred Linke
_9640762
245 0 _aTheatre 1967-1982
942 _cTEXL
_2cc
999 _c1062945
_d1062945